00598nam a22002057a 450000500170000001000130001702000230003003500130005303700160006604000120008208200150009410000190010924500480012826000440017627000460022030000340026650000220030065000480032265000220037020170124110203.0 aB-062840 c350.00a8120318730 aB-062840 bCen Lib/Ret aDPLbEN a005.8bDAN aDanda, Matthew aProtect yourself online /cby Matthew Danda aNew DelhibPrintice-Hall of Indiac2001 aM-97, Cannaught CircusbNew Delhie110001 axxvi,336p. :c24cm (Hb)b1ll. aIncludes index  aComputer networks -- Security measures  aComputer security